000 00271nam a2200121Ia 4500
008 190216s9999||||xx |||||||||||||| ||und||
100 _aSankaranarayan S R
245 0 _aLight
260 _bSulthan Chand&Sons
_c1984
300 _a753p
650 _aPhysics
942 _cBK
999 _c33017
_d33017